La Esquizofrenia de Kraepelin al DSM-V

Guardat en:
Dades bibliogràfiques
Autor principal: Silva Ibarra, Hernán (Autor)
Format: Llibre
Idioma:espanyol
Publicat: Santiago Mediterráneo 2014
Edició:1a. ed
Matèries:
Etiquetes: Afegir etiqueta
Sense etiquetes, Sigues el primer a etiquetar aquest registre!

MARC

LEADER 00000cam a2200000 a 4500
001 UCE5209
003 CL-VaPUC
008 141211e20140100cl |||||||||||||||||spa|d
020 |a 9789562203340 
082 0 4 |a 616.89  |b SIL  |2 21 
100 0 |a Silva Ibarra, Hernán  |e author  |9 577724 
245 1 3 |a La Esquizofrenia de Kraepelin al DSM-V 
250 |a 1a. ed 
300 |a 199 p 
942 |c BK 
945 |d 20141211 14:14:00  |a arojas 
260 |a Santiago  |b Mediterráneo  |c 2014 
650 0 |a Esquizofrenia  |9 312163 
650 7 |a DEMENCIA  |2 CL-VaPUC  |9 334202 
650 7 |a COGNICION SOCIAL  |2 CL-VaPUC  |9 331774 
583 |a last modification  |c 20170808 01:31:13  |k Rodrigo Vera 
999 |c 357971  |d 357969 
952 |0 0  |1 0  |3 erb  |4 0  |6 616_890000000000000_SIL_2014  |7 0  |8 A  |9 466172  |a BIBGIM  |b BIBGIM  |i 5129346  |o 616.89 SIL 2014  |p 5129346  |r 2025-01-15  |w 2019-11-23  |y BK  |z Catalogado en:20141211  |k SSL